Central Library OPAC University of Rajshahi

Medicinal plants of Southern West Pakistan / (Record no. 57020)

MARC details
000 -LEADER
fixed length control field 00983nam a2200277 a 4500
001 - CONTROL NUMBER
control field 57020
003 - CONTROL NUMBER IDENTIFIER
rucl marc code BD-RjUL
005 - DATE AND TIME OF LATEST TRANSACTION
control field 20211209080447.0
008 - FIXED-LENGTH DATA ELEMENTS--GENERAL INFORMATION
fixed length control field 116120s1967 pk b 001 0 eng
035 ## - SYSTEM CONTROL NUMBER
System control number (BD-RjUL)57144
040 ## - CATALOGING SOURCE
Original cataloging agency DLC
Transcribing agency DLC
Modifying agency DLC
Language of cataloging eng
041 ## - LANGUAGE CODE
Language code of text/sound track or separate title eng
082 00 - DEWEY DECIMAL CLASSIFICATION NUMBER
Classification number 581.634095491
Edition number 23
Author mark and year BAM 1967
100 1# - MAIN ENTRY--PERSONAL NAME
Personal name Baquar, Syed Riaz.
9 (RLIN) 169428
245 10 - TITLE STATEMENT
Title Medicinal plants of Southern West Pakistan /
Statement of responsibility, etc. [by] Syed Riaz Baquar and M. Tasnif.
260 ## - PUBLICATION, DISTRIBUTION, ETC. (IMPRINT)
Place of publication, distribution, etc. Karachi :
Name of publisher, distributor, etc. Botany Section, Central Laboratories, Pakistan Council of Scientific and Industrial Research
Date of publication, distribution, etc. [1967]
300 ## - PHYSICAL DESCRIPTION
Pagination iv, 108 p. ;
Size 24 cm.
350 ## - PRICE (NR) (BK AM CF MU VM SE) [OBSOLETE]
Price 7.00
490 1# - SERIES STATEMENT
Series statement Pakistan Council of Scientific and Industrial Research.
504 ## - BIBLIOGRAPHY, ETC. NOTE
Bibliography, etc Bibliography: p. 87-89.
650 #0 - SUBJECT ADDED ENTRY--TOPICAL TERM
Topical term or geographic name as entry element Medicinal plants
Geographic subdivision Pakistan.
9 (RLIN) 169429
700 1# - ADDED ENTRY--PERSONAL NAME
Personal name Tasnif, M.,
Relator term joint author.
830 ## - SERIES ADDED ENTRY--UNIFORM TITLE
Uniform title Pakistan Council of Scientific and Industrial Research.
942 ## - ADDED ENTRY ELEMENTS (KOHA)
Source of classification or shelving scheme Dewey Decimal Classification
Koha item type Books
Holdings
Lost status Source of classification or shelving scheme Damaged status Not for loan Collection code Permanent Location Current Location Shelving location Date acquired Source of acquisition Cost, normal purchase price Total Checkouts Full call number Date last seen Copy number Koha item type
  Dewey Decimal Classification   Not For Loan Non-fiction Central Library, University of Rajshahi Central Library, University of Rajshahi Reading Room 30/12/1969 P.R.O, R.U 7.00   581.634095491 BAM 1967 05/12/2016 C-1 Books
  Dewey Decimal Classification     Non-fiction Central Library, University of Rajshahi Central Library, University of Rajshahi Reading Room 30/12/1969 P.R.O, R.U 7.00   581.634095491 BAM 1967 05/12/2016 C-2 Books
  Dewey Decimal Classification     Non-fiction Central Library, University of Rajshahi Central Library, University of Rajshahi   30/12/1969 P.R.O, R.U 7.00   581.634095491 BAM 1967 05/12/2016 C-3 Books
  Dewey Decimal Classification     Non-fiction Central Library, University of Rajshahi Central Library, University of Rajshahi   30/12/1969 P.R.O, R.U 7.00   581.634095491 BAM 1967 05/12/2016 C-4 Books
  Dewey Decimal Classification     Non-fiction Central Library, University of Rajshahi Central Library, University of Rajshahi   30/12/1969 P.R.O, R.U 7.00   581.634095491 BAM 1967 05/12/2016 C-5 Books
  Dewey Decimal Classification     Non-fiction Central Library, University of Rajshahi Central Library, University of Rajshahi General Stacks 09/09/2024 Author     581.634095491 BAM 1967 28/04/2025 C-6 Books